Algebraic numbers and Fourier analysis /
Guardado en:
| Autor Principal: | |
|---|---|
| Formato: | Libro |
| Idioma: | English |
| Publicado: |
Boston :
Heath,
c1963.
|
| Series: | Heath mathematical monographs
|
| Materias: | |
| Etiquetas: |
Agregar Etiqueta
Sin Etiquetas, Sea el primero en etiquetar este registro!
|
| LEADER | 00666cam a22002175a 4500 | ||
|---|---|---|---|
| 001 | MAT.inmabb005160 | ||
| 008 | 840913s1963####mau######b####001#0#eng## | ||
| 005 | 20130228134518.0 | ||
| 245 | 1 | 0 | |a Algebraic numbers and Fourier analysis / |c Raphaël Salem. |
| 260 | |a Boston : |b Heath, |c c1963. | ||
| 300 | |a 66, [2] p. ; |c 24 cm. | ||
| 440 | 0 | |a Heath mathematical monographs | |
| 504 | |a Bibliografía: p. [67]. | ||
| 510 | 4 | |a MR, |c 28 #1169 | |
| 100 | 1 | |a Salem, Raphaël, |d 1898-1963. | |
| 084 | |a 11Kxx (11Rxx) |2 msc2000 | ||
| 650 | 0 | |a Number theory. | |
| 650 | 0 | |a Fourier series. | |
| 010 | |a 63019065 | ||
| 040 | |a DLC/ICU |c ICU |d DLC | ||
| 859 | |h 11 |i Sa163 |p A-2632 |b BIB. MATEMATICA | ||
